Statistics for Word Search - European Cities

Click here to take the quiz!

General Stats

  • This quiz has been taken 326 times
  • The average score is 9 of 21

Answer Stats

City% Correct
Rome
87%
Athens
83%
Zagreb
82%
Bruges
68%
Geneva
57%
Basel
52%
Tirana
50%
Turin
50%
Stockholm
50%
Prague
49%
Berlin
44%
Zurich
44%
Alicante
36%
Oporto
32%
Minsk
27%
Heraklion
21%
Aberdeen
20%
Genoa
20%
Pisa
14%
Palermo
12%
Utrecht
9%

Score Distribution

Percentile by Number Answered

Percent of People with Each Score

Your Score History

You have not taken this quiz